| 000 | 00805nam a22001337a 4500 | ||
|---|---|---|---|
| 040 | _cRUA | ||
| 082 | _aVEM SEA 2014 B459 Or.1 | ||
| 100 | _aSEA SAMPHASS; សៀ សម្ផស | ||
| 245 | _aEffectiveness of albenzole and ivermec on gastro-intestinal parasites of cattle insamky medistrict, kampong chhnang province, សិក្សាពីប្រសិទ្ធភាព Albenzole និង ivermec លើវត្តមានបរាសិតក្នុងក្រពះពោះវៀនគោក្នុងស្រុកសាមគ្គីមានជ័យ ខេត្តកំពង់ឆ្នំាង | ||
| 260 |
_aPhnom Penh _bRUA _c2014 |
||
| 300 |
_ax ;55p. _bill. _c29cm. |
||
| 856 | _uhttps://drive.google.com/file/d/1LpMbtGqeqA8mCe9V6wl33EOssVTkSE63/view?usp=sharing | ||
| 942 | _cVEM | ||
| 999 |
_c7512 _d7512 |
||